Nehnuteľnosti v špičkových lokalitách sú investíciou, na ktorej sa nedá prerobiť

Výška cien nehnuteľností - najdrahšia je Bratislava a niektoré väčšie mestá. Ceny sú najvyššie v centre mesta. V súčasnosti je pre investorov najatraktívnejšie hlavné mesto. Nedostatok parciel v Trnave. Budúcnosť tvoria predmestia.

Gespeichert in:
Bibliographische Detailangaben
1. Verfasser: Sedlák, Miro
Format: Buchkapitel
Sprache:Slowakisch
Schlagworte:
Tags: Tag hinzufügen
Keine Tags, Fügen Sie das erste Tag hinzu!

MARC

LEADER 00000naa$a2200000$$$4500
001 0004593
005 20231009074626.8
041 0 |a slo 
044 |a SK 
245 1 0 |a Nehnuteľnosti v špičkových lokalitách sú investíciou, na ktorej sa nedá prerobiť  |c aut. Miro Sedlák 
520 |a Výška cien nehnuteľností - najdrahšia je Bratislava a niektoré väčšie mestá. Ceny sú najvyššie v centre mesta. V súčasnosti je pre investorov najatraktívnejšie hlavné mesto. Nedostatok parciel v Trnave. Budúcnosť tvoria predmestia. 
610 2 0 |a nehnuteľnosti 
610 2 0 |a ceny 
610 2 0 |a byty 
610 2 0 |a Slovensko 
100 1 |a Sedlák, Miro